000 00493nam a2200181Ia 4500
001 23145
005 20260414150918.0
008 260414t2014||||xx |||||||||||||| ||spa||
041 _aESP
082 _a624.19
_bM17
100 _aMaidl, Bernhard
_eAUT
245 0 _aHandbook of tunnel engineering II :
_bbasics and additional services for design and construction
260 _c2014
300 _axxix, 428 páginas :
_c24 cm.
650 _a0
654 _aCIC
942 _cLIB
_dJUS
_fJUS
_2ddc
_n
999 _c23145
_d23145